000 00361nam a2200157Ia 4500
003 OSt
005 20240513151357.0
008 170524s9999 xx 000 0 und d
020 _a978-0470017753
040 _ciimtu
100 _aBates-Chris
245 0 _aWeb Programming:Building Internet Application
260 _bWiley
260 _c2010
942 _2ddc
_c02
999 _c5884
_d5884